00580 2200181 4500001002100000005001500021035002000036007000300056008004100059020002200100082001200122084001800134100002400152245010900176260003700285300004100322650003500363INLIS00000000000114720250130084614 a0010-0125000030ta250130 g 0 ind  a978-979-582-269-1 a631.171 a631.171 AND p0 aAndi Amran Sulaiman1 aPENGEMBANGAN pertanian presisi; solusi dan jawaban pembangunan pertanian ke depan /cAndi Amran Sulaiman aJakarta :bPertanianPress,c2024 aix, 65 hlm. :bIlus ;c15 cm x 21 cm 4aPENGEMBANGAN pertanian presisi